Top 15 Countries with Covid-19 Cases - 18 October - Statistics

General Stats
  • This quiz has been taken 39 times
  • The average score is 14 of 24
Answer Stats
country % Correct
United States
100%
India
95%
France
92%
Brazil
89%
United Kingdom
89%
Mexico
87%
Russia
87%
Spain
74%
Argentina
71%
Colombia
58%
Iran
55%
Chile
53%
Chile
53%
Peru
53%
South Africa
47%
Costa Rica
34%
Iraq
34%
Panama
34%
Oman
32%
Qatar
32%
Bahrain
29%
Israel
29%
Kuwait
29%
Armenia
21%
No matching quizzes found
Score Distribution
Percent of People with Each Score
Percentile by Number Answered
Your Score History
You have not taken this quiz